00573nam a2200193Ia 450000500170000000800410001702000110005804000190006904100120008808200130010024500420011325000250015526000850018030000110026544000280027665000450030465100190034985000110036820240108092421.0131103s9999 xx 000 0 und d cRs. 50 aLoreto College aEnglish a428bHOW aHow to Write Letters in Plain English aFirst Indian Edition aStockport and BangalorebBooks for Change for the Plain English Campaignc1991 a47 p.  aThe Little Books Series aEnglish Language - Communicative English aLetter Writing aLCLIB